| 000 | 01373cam a22002174a 4500 | ||
|---|---|---|---|
| 005 | 20250605164209.0 | ||
| 008 | 250528s ||||||||||||||||||||||||d | ||
| 035 | _a20180 | ||
| 020 | _a155188550 | ||
| 040 |
_aGR-AtMCL _bgre _dGR-AtMCL _eAACR2 |
||
| 245 | 1 | _aEconomics / Principles and Policy | |
| 250 | _a4th | ||
| 260 |
_bHarcourt Brace Jovanovich, Publishers, _c1988 |
||
| 300 | _a950 | ||
| 520 | _aPeface, Getting Acquainted with Economics, What is Economics, The Use and Misuse of Graphs, Scarcity and Choice: The Economic Problem, Supply and Demand: An Initial Look, The Realm of Macroeconomics, Macroeconomics and Microeconomics, Macroeconomic Maladies: Unemployment and Inflation, Productivity and Progress and Prosperity, Aggregate Supply and Demand Analysis, Income and Spending: The Powerful Consumer, Demand-Side Equilibrium: Unemployment or Inflation?, Changes on the Demand Side: Multiplier Analysis, Supply-Side Equilibrium: Unemployment and Inflation?, Fiscal and Monetary Policy, The Unjited States in the World Economy, Essentials of Microeconomics: Consumers and Firms, The Market System: Virtues and Vices, The Government and the Economy, The Distribution of Income, Alternative Economic Systems, Glossary, Index. | ||
| 700 | 1 |
_aBaumol William J. _94272 |
|
| 700 | 1 |
_aBlinder Alan S. _94273 |
|
| 942 | _cBK | ||
| 999 |
_c5317 _d5317 |
||